[Event "FIDE women's World Cup Gp D"]
[Site "Shenyang CHN"]
[Date "2000.08.02"]
[Round "2"]
[White "Wang Lei"]
[Black "Zhukova,N"]
[Result "0-1"]
[WhiteElo "2498"]
[BlackElo "2450"]

1.d4 d5 2.c4 c6 3.Nc3 Nf6 4.Nf3 dxc4 5.a4 Bf5 6.Ne5 Nbd7 7.Nxc4 Qc7 8.g3 e5
9.dxe5 Nxe5 10.Bf4 Nfd7 11.Bg2 g5 12.Bxe5 Nxe5 13.Qd4 f6 14.Nxe5 Qxe5 15.Qxe5+ fxe5
16.O-O O-O-O 17.Be4 Be6 18.Rfd1 h6 19.Rxd8+ Kxd8 20.Rd1+ Kc7 21.Bc2 Be7 22.Kg2 a6
23.e3 Rf8 24.f3 Bc5 25.Re1 b5 26.g4 Bb4 27.Kg3 Kb6 28.Ra1 Rd8 29.Ne4 Be7
30.Rd1 Rxd1 31.Bxd1 Ka5 32.axb5 cxb5 33.f4 exf4+ 34.exf4 Bd5 35.Nc3 Bf7 36.Ne4 Bd5
37.Nc3 Bc6 38.f5 Bf6 39.Bf3 Kb6 40.Nd1 a5 41.Bxc6 Kxc6 42.Kf3 Kc5 43.Ke3 Kc4
44.Kd2 a4 45.Kc2 b4 46.Nf2 a3  0-1

[Event "MTO Open"]
[Site "Biel SUI"]
[Date "2000.08.03"]
[Round "10"]
[White "Cherniaev,A"]
[Black "Sundararajan,K"]
[Result "1/2-1/2"]
[WhiteElo "2454"]
[BlackElo "2404"]

1.Nf3 Nf6 2.c4 c6 3.d4 d5 4.Nc3 dxc4 5.a4 Bf5 6.Nh4 e6 7.Nxf5 exf5 8.e3 Bb4
9.Bxc4 O-O 10.O-O Nbd7 11.h3 g6 12.Qf3 Qa5 13.Bd2 Kg7 14.Rfc1 Rae8 15.Bb3 Re7
16.Qd1 Rfe8 17.Qc2 Nb6 18.Rd1 Rd7 19.Rac1 Nbd5 20.Nxd5 Nxd5 21.Bxd5 cxd5
22.Bxb4 Qxb4 23.Rd3 Re6 24.Qb3 Qxb3 25.Rxb3 f4 26.exf4 Re4  1/2-1/2

[Event "Scandic Hotels GM"]
[Site "Stockholm SWE"]
[Date "2000.08.03"]
[Round "6"]
[White "Tella,J"]
[Black "Hillarp Persson,T"]
[Result "0-1"]
[WhiteElo "2428"]
[BlackElo "2549"]

1.d4 d5 2.c4 c6 3.Nf3 Nf6 4.Nc3 dxc4 5.a4 Bf5 6.e3 e6 7.Bxc4 Bb4 8.O-O O-O
9.Qe2 Bg6 10.Ne5 Nbd7 11.Nxg6 hxg6 12.Rd1 Qa5 13.Bd2 e5 14.d5 Rad8 15.Be1 e4
16.dxc6 bxc6 17.Rd4 Ne5 18.Rad1 c5 19.Rd6 Rxd6 20.Rxd6 Rd8 21.Ra6 Qc7 22.Nb5 Qb8
23.Bxb4 Nfg4 24.g3 cxb4 25.Nd4 Qb7 26.Bb3 Nf3+ 27.Nxf3 exf3 28.Qb5 Rc8 29.Rd6 Rc1+
30.Rd1 Rxd1+ 31.Bxd1 Qxb5 32.axb5 Ne5 33.h3 Kf8 34.g4 Ke7 35.Kh2 Nd3 36.b3 Nxf2
37.Bxf3 Nd3 38.Bd5 f6 39.Kg3 Kd6 40.Bf7 g5 41.Bg6 Ne5 42.Be8 Kc7 43.Kf2 Kd8
44.b6 a6 45.b7 Kc7 46.e4 Kxb7 47.Ke3 Kc7 48.Kd4 Kd6 49.Ba4 Nf3+ 50.Kc4 a5
51.Kb5 Nd2 52.Kxa5 Kc5  0-1

[Event "MTO Open"]
[Site "Biel SUI"]
[Date "2000.08.04"]
[Round "11"]
[White "Scheffknecht,P"]
[Black "Toth,Ch"]
[Result "1-0"]
[WhiteElo "2094"]
[BlackElo "2377"]

1.d4 d5 2.c4 c6 3.Nc3 Nf6 4.Nf3 dxc4 5.a4 Bf5 6.e3 e6 7.Bxc4 Bb4 8.O-O O-O
9.Qb3 Qe7 10.Bd2 a5 11.Rfe1 Rd8 12.Rac1 h6 13.h3 Nbd7 14.e4 Bg6 15.e5 Nd5
16.Ne4 Bxe4 17.Rxe4 Bxd2 18.Nxd2 Qb4 19.Qc2 b5 20.Bb3 N7b6 21.Rg4 Nxa4 22.Ne4 g6
23.Nf6+ Kg7 24.Nh5+ Kh7 25.Bxd5 cxd5 26.Nf6+ Kg7 27.Rxg6+ fxg6 28.Qc7+ Kf8
29.Qh7  1-0

[Event "TCh-ESP"]
[Site "Barcelona ESP"]
[Date "2000.08.07"]
[Round "3"]
[White "Gonzalez,A"]
[Black "Pelletier,Y"]
[Result "0-1"]
[WhiteElo "2150"]
[BlackElo "2474"]

1.d4 d5 2.Nf3 Nf6 3.c4 c6 4.Nc3 dxc4 5.a4 Bf5 6.Nh4 e6 7.Nxf5 exf5 8.e3 Bb4
9.Bxc4 O-O 10.O-O Nbd7 11.h3 h5 12.Qb3 Qb6 13.Qc2 g6 14.Ne2 a5 15.Nf4 Kg7
16.b3 Bd6 17.Bb2 Bxf4 18.exf4 Nd5 19.Bxd5 cxd5 20.Qd3 Qa6 21.Qb5 Qxb5 22.axb5 Rfe8
23.Rfe1 b6 24.Kf1 Rxe1+ 25.Kxe1 Rc8 26.Kd2 Nf8 27.g3 Ne6 28.Kd3 h4 29.b4 axb4
30.Ra6 Rb8 31.Ra4 Rh8 32.Ke3 hxg3 33.fxg3 Rxh3 34.Kf3 Rh1 35.Rxb4 Rb1 36.Ke3 Nc7
37.Kd2 Ne8 38.Kc2 Rg1 39.Rb3 Nd6 40.Ba3 Nc4 41.Be7 Rg2+ 42.Kc1 Re2 43.Bd8 Re8
44.Bh4 f6 45.Rb4 Re6 46.Ra4 Kh6 47.g4 fxg4 48.Ra7 Nd6 49.Rd7 Nf5  0-1

[Event "Mipap Cup"]
[Site "Olomouc CZE"]
[Date "2000.08.07"]
[Round "8"]
[White "Czerwonski,A"]
[Black "Cernousek,L"]
[Result "1/2-1/2"]
[WhiteElo "2375"]
[BlackElo "2259"]

1.d4 d5 2.Nf3 Nf6 3.c4 c6 4.Nc3 dxc4 5.a4 Bf5 6.e3 e6 7.Bxc4 Bb4 8.O-O Nbd7
9.Nh4 O-O 10.Nxf5 exf5 11.Qd3 g6 12.f3 Re8 13.Bxf7+ Kxf7 14.Qc4+ Nd5 15.Nxd5 cxd5
16.Qxb4 Qb6 17.Qd2 Rac8 18.Ra3 Rc4 19.Rc3 Rec8 20.g4 f4 21.Re1 Nf6 22.Rxc4 Rxc4
23.Kh1 Qb3 24.g5 Rc2 25.Qd1 Nh5 26.exf4 Ng7 27.Bd2 Qd3 28.Bc3 Qxd1 29.Rxd1 Ne6
30.h4 Nxf4 31.Ra1 Ng2 32.Kh2 Ke6 33.Kg3 Kf5 34.Rf1 Nf4 35.Rf2 Nh5+ 36.Kg2 Nf4+
37.Kg3 Nh5+  1/2-1/2

[Event "TCh-ESP"]
[Site "Barcelona ESP"]
[Date "2000.08.08"]
[Round "4"]
[White "Garza Marco,S"]
[Black "Franco Ocampos,Z"]
[Result "1/2-1/2"]
[WhiteElo "2294"]
[BlackElo "2512"]

1.d4 d5 2.c4 c6 3.Nf3 Nf6 4.Nc3 dxc4 5.a4 Bf5 6.Nh4 e6 7.Nxf5 exf5 8.e3 Bd6
9.Bxc4 O-O 10.h3 Nbd7 11.g4 Qa5 12.Bd2 Bb4 13.Qf3 Nb6 14.Bd3 f4 15.Qxf4 Nfd5
16.Qf5 g6 17.Qg5 f6 18.Qh6 Nxc3 19.Bxg6 hxg6 20.Qxg6+  1/2-1/2

[Event "TCh-ESP"]
[Site "Barcelona ESP"]
[Date "2000.08.09"]
[Round "5"]
[White "Medina Carrasco,S"]
[Black "Barraza Caracel,I"]
[Result "1/2-1/2"]
[WhiteElo "2204"]
[BlackElo "2150"]

1.d4 d5 2.Nf3 c6 3.c4 Nf6 4.Nc3 dxc4 5.a4 Bf5 6.e3 e6 7.Bxc4 Bb4 8.O-O Nbd7
9.Nh4 Bg4 10.f3 Bh5 11.g4 Bg6 12.Nxg6 hxg6 13.Qe2 Nd5 14.Bd2 Bd6 15.Rf2 Qe7
16.Bxd5 cxd5 17.Nb5 O-O 18.Nxd6 Qxd6 19.Rc1 Rac8 20.Rff1 Nb6 21.Qb5 a6 22.Qb4 Qxb4
23.Bxb4 Rxc1 24.Rxc1 Rc8 25.Rxc8+ Nxc8 26.Kf2 f6 27.e4 Na7 28.Ke3 Nc6 29.Be1 Kf7
30.Bc3 g5 31.exd5 exd5 32.f4 gxf4+ 33.Kxf4 g5+ 34.Kg3 Nd8 35.Kf3 Ne6 36.Kg3 Kg6
37.h4 gxh4+ 38.Kxh4 Ng5 39.Kg3 Ne4+ 40.Kf4 Nd6 41.Bb4 Ne4 42.Be1 Ng5  1/2-1/2

[Event "4th Open"]
[Site "Genova ITA"]
[Date "2000.08.10"]
[Round "5"]
[White "Ausmins,E"]
[Black "Bertazzo,G"]
[Result "1-0"]
[WhiteElo "2324"]
[BlackElo "2067"]

1.d4 d5 2.Nf3 Nf6 3.c4 c6 4.Nc3 dxc4 5.a4 Bf5 6.Ne5 e6 7.e3 Bb4 8.Bxc4 Nbd7
9.Nd3 Bxd3 10.Bxd3 e5 11.O-O O-O 12.Qb3 Qb6 13.Na2 Bd6 14.Qxb6 axb6 15.b3 exd4
16.exd4 Nd5 17.Bd2 N7f6 18.Rfe1 Rfd8 19.g3 Ba3 20.Reb1 Bf8 21.Bc2 Nc7 22.Be3 Ne6
23.Rd1 Nd5 24.Rd2 g6 25.Rb1 Rd7 26.Bd1 Rad8 27.Bf3 Nec7 28.Rd3 Bg7 29.Rbd1 b5
30.a5 Ne6 31.Bxd5 Rxd5 32.Nb4 R5d6 33.d5 cxd5 34.Nxd5 Kh8 35.Bb6 R8d7 36.b4 Nd8
37.Bc5 Re6 38.Nc7 Rxd3 39.Rxd3 Re1+ 40.Kg2 Nc6 41.Nxb5  1-0

[Event "Lost Boys Open"]
[Site "Amsterdam NED"]
[Date "2000.08.14"]
[Round "4"]
[White "Wendt,R"]
[Black "Oosterom,E"]
[Result "1-0"]
[WhiteElo "2373"]
[BlackElo "2194"]

1.d4 d5 2.c4 c6 3.Nf3 Nf6 4.Nc3 dxc4 5.a4 Bf5 6.Ne5 e6 7.Nxc4 Bb4 8.Bg5 Nbd7
9.f3 Qc7 10.e4 Bg6 11.Be2 Nh5 12.O-O Nf4 13.Qd2 Nxe2+ 14.Qxe2 Nf6 15.Bxf6 gxf6
16.f4 f5 17.e5 Rd8 18.Rad1 Rd7 19.Rd3 Qd8 20.Rfd1 h5 21.Na2 Be7 22.b4 h4
23.Qe3 Bh5 24.R1d2 Rg8 25.b5 Kf8 26.bxc6 bxc6 27.Nc3 Rg6 28.Kh1 Rb7 29.Rb2 Rxb2
30.Nxb2 Qb6 31.Qd2 Rg8 32.Qc2 Kg7 33.Ncd1 Rd8 34.Qf2 Qb4 35.h3 Rb8 36.Kh2 a5
37.Qc2 c5 38.Nc4 cxd4 39.Ndb2 Rd8 40.Qf2 Qc5 41.g4 hxg3+ 42.Rxg3+ Bg6 43.Rb3 Qc7
44.Nd2 Qc6 45.Rb5 Qc3 46.Rb3 Qc2 47.Nbc4 Qa2 48.Rb7 Kf8 49.Rxe7 Kxe7 50.Qh4+ Kd7
51.Nb6+ Kc6 52.Nc4 Re8 53.Qf2 Qa1 54.Qg2+ Kc7 55.Nxa5 Qb2 56.Qc6+ Kb8  1-0

[Event "XVIII Rapidplay Open"]
[Site "Villarrobledo ESP"]
[Date "2000.08.20"]
[Round "7"]
[White "Ljubojevic,L"]
[Black "Hamdouchi,H"]
[Result "1/2-1/2"]
[WhiteElo "2559"]
[BlackElo "2541"]

1.d4 d5 2.Nf3 Nf6 3.c4 c6 4.Nc3 dxc4 5.a4 Bf5 6.e3 e6 7.Bxc4 Bb4 8.O-O O-O
9.Qe2 Bg6 10.Ne5 Nbd7 11.Nxg6 hxg6 12.Rd1 Qa5 13.Qc2 Rac8 14.Na2 Bd6 15.h3 Qh5
16.Nc3 e5 17.Qe2 Qh4 18.dxe5 Bxe5 19.Bd2 g5 20.Be1 g4 21.f4 gxf3 22.Bxh4 fxe2
23.Bxe2 Nc5 24.a5 Rfe8 25.Ra3 Rc7 26.Bf3 a6 27.b4 Ne6 28.Na4 Rce7 29.Rad3 g5
30.Be1 Nc7 31.Nb6 Nb5 32.Na4 Bb8 33.Nc5 Ba7 34.Bf2 Bxc5 35.bxc5 Ne4 36.Bxe4 Rxe4
37.Rd7 R8e7 38.Rxe7 Rxe7 39.Kf1 Nc3 40.Rc1 Ne4 41.Be1 Re5 42.Bb4 Nf6 43.Ke2 Nd5
44.Bd2 f5 45.Kf3 Nc7 46.Rb1 Nb5 47.Rc1 Kf7 48.g4 Ke6 49.gxf5+  1/2-1/2

[Event "Paul Keres mem"]
[Site "Tallinn EST"]
[Date "2000.08.21"]
[Round "8"]
[White "Smirnov,Ar"]
[Black "Danilov,N"]
[Result "1-0"]
[WhiteElo "2225"]
[BlackElo "2231"]

1.d4 d5 2.c4 c6 3.Nf3 Nf6 4.Nc3 dxc4 5.a4 Bf5 6.e3 e6 7.Bxc4 Bb4 8.O-O O-O
9.Nh4 Nbd7 10.f3 Nb6 11.Bb3 Nfd5 12.Nxf5 exf5 13.Qd3 Qf6 14.a5 Bxc3 15.bxc3 Nd7
16.e4 Ne7 17.Re1 Rad8 18.Qc2 Kh8 19.Ba3 c5 20.e5 Qg5 21.Rad1 f4 22.Qe4 Nf5
23.Bc2 g6 24.Bc1 cxd4 25.cxd4 Rc8 26.Ba4 Rfd8 27.Bxf4 Qh4 28.Bxd7 Rxd7 29.e6 Re7
30.Be5+ Kg8 31.Qxh4  1-0

[Event "ECh-u20 Girls"]
[Site "Aviles ESP"]
[Date "2000.08.23"]
[Round "7"]
[White "Srebrnic,A"]
[Black "Hamelink,D"]
[Result "1-0"]
[WhiteElo "2174"]
[BlackElo "2176"]

1.Nf3 d5 2.d4 Nf6 3.c4 c6 4.Nc3 dxc4 5.a4 Bf5 6.Nh4 Bg4 7.h3 Bh5 8.g4 Bg6
9.Nxg6 hxg6 10.e4 e6 11.g5 Nh7 12.f4 Bb4 13.Bxc4 Nd7 14.Be3 Qa5 15.Qc2 Nb6
16.Bb3 c5 17.dxc5 Bxc5 18.Bxc5 Qxc5 19.O-O-O Qe3+ 20.Qd2 Qxd2+ 21.Rxd2 Ke7
22.e5 Rac8 23.Kb1 Nc4 24.Rd3 Nf8 25.Rhd1 Rh4 26.Ne2 Na5 27.Bc2 Nc6 28.Rc3 Nd7
29.b4 a6 30.b5 axb5 31.axb5 Na7 32.Rxc8 Nxc8 33.Be4 Nc5 34.Bg2 b6 35.Nd4 f6
36.Nc6+ Kf7 37.Rd8 Ne7 38.Ra8 Nd5 39.Ra7+ Kf8 40.Ra8+ Kf7 41.Ra7+ Kf8 42.Bxd5 exd5
43.Ne7 Rxh3 44.Nxg6+ Ke8 45.gxf6 gxf6 46.exf6  1-0

[Event "ch-ESP"]
[Site "Barcelona ESP"]
[Date "2000.08.24"]
[Round "6"]
[White "San Segundo Carrillo,P"]
[Black "Muratet Casadevall,A"]
[Result "1-0"]
[WhiteElo "2500"]
[BlackElo "2254"]

1.Nf3 d5 2.d4 Nf6 3.c4 c6 4.Nc3 dxc4 5.a4 Bf5 6.Nh4 Bg6 7.Nxg6 hxg6 8.e3 e6
9.Bxc4 Bb4 10.O-O Qc7 11.f4 Nbd7 12.Qf3 O-O-O 13.h3 Bxc3 14.bxc3 Qa5 15.e4 Qh5
16.Qe3 Qa5 17.Ba3 Kb8 18.Bb4 Qh5 19.a5 Ka8 20.Be7 Rc8 21.Be2 Qh4 22.a6 b6
23.c4 Rhe8 24.Bb4 Qh6 25.e5 Ng8 26.Qa3 Qh4 27.d5 Nb8 28.dxc6 Nxc6 29.Bf3 Qd8
30.Rfd1 Qc7 31.Bd6 Qd7 32.Qa4  1-0

[Event "ch-NED Women"]
[Site "Rotterdam NED"]
[Date "2000.08.28"]
[Round "6"]
[White "Peng Zhaoqin"]
[Black "De Blecourt,S"]
[Result "1-0"]
[WhiteElo "2403"]
[BlackElo "2033"]

1.d4 d5 2.c4 c6 3.Nc3 Nf6 4.Nf3 dxc4 5.a4 Bf5 6.Nh4 e6 7.Nxf5 exf5 8.e3 Bb4
9.Bxc4 O-O 10.O-O Nbd7 11.f3 Qb6 12.Kh1 Rad8 13.Qc2 g6 14.Bd2 f4 15.Rfd1 Rde8
16.a5 Bxa5 17.e4 Nh5 18.Na4 Qd8 19.Bxa5 Qxa5 20.Nc5 Qc7 21.Nxd7 Qxd7 22.Rxa7 Ra8
23.Rxa8 Rxa8 24.Kg1 Qe7 25.Qb3 b5 26.Be2 Ra4 27.Qc3 Qd6 28.Kf2 Ng7 29.d5 cxd5
30.Rxd5 Qb6+ 31.Qc5 Qxc5+ 32.Rxc5 Ne6 33.Rxb5 Nd4 34.Rb7 Kg7 35.g3 fxg3+
36.hxg3 h5 37.Bd3 g5 38.Ke3 Ne6 39.Rb5 Kh6 40.f4 gxf4+ 41.gxf4 h4 42.Be2 Nd4
43.Rh5+ Kg6 44.f5+ Kf6 45.Bd3 Rb4 46.Kf4 Rxb2 47.e5+ Ke7 48.f6+ Kd7 49.Rh7 Nf3
50.Ke3 Ng5 51.Bf5+ Kc6 52.Rh5 Rb3+ 53.Kf4 Nh3+ 54.Bxh3 Rxh3 55.Rh7 Kd5 56.Rxf7 Rh1
57.Rd7+ Kc6 58.Rd6+ Kc7 59.Rd2 h3 60.Kf5 h2 61.Ke6  1-0

[Event "ch-ARM"]
[Site "Yerevan ARM"]
[Date "2000.09.02"]
[Round "4"]
[White "Anastasian,A"]
[Black "Minasian,Ara"]
[Result "0-1"]
[WhiteElo "2571"]
[BlackElo "2466"]

1.d4 d5 2.Nf3 Nf6 3.c4 c6 4.Nc3 dxc4 5.a4 Bf5 6.e3 e6 7.Bxc4 Bb4 8.O-O Nbd7
9.h3 Bg6 10.Qb3 a5 11.Rd1 O-O 12.Na2 Be7 13.Ne5 Nxe5 14.dxe5 Nd5 15.Bxd5 cxd5
16.Bd2 Qc7 17.Bc3 Ra6 18.Qb5 Rfa8 19.Bd4 Rc6 20.f4 Bc5 21.Nc3 Bxd4 22.Rxd4 Rc8
23.Rad1 h6 24.Kh2 Rb6 25.Qe2 Rb4 26.R1d2 Qb6 27.g4 Be4 28.Kg3 Rcc4 29.Qf2 Rxd4
30.exd4 Rb3 31.f5 Qd8 32.h4 b5 33.axb5 a4 34.Kf4  0-1

[Event "FSIMB September"]
[Site "Budapest HUN"]
[Date "2000.09.05"]
[Round "4"]
[White "Gara,A"]
[Black "Gara,T"]
[Result "1/2-1/2"]
[WhiteElo "2291"]
[BlackElo "2296"]

1.d4 d5 2.c4 c6 3.Nf3 Nf6 4.Nc3 dxc4 5.a4 Bf5 6.e3 e6 7.Bxc4 Bb4 8.Qb3 a5
9.O-O Nbd7 10.Nh4 O-O 11.Nxf5 exf5  1/2-1/2

[Event "chT-POL"]
[Site "Zakopane chT"]
[Date "2000.09.08"]
[Round "6"]
[White "Dziuba,M"]
[Black "Jaracz,P"]
[Result "1/2-1/2"]
[WhiteElo "2392"]
[BlackElo "2511"]

1.d4 d5 2.c4 c6 3.Nc3 Nf6 4.Nf3 dxc4 5.a4 Bf5 6.e3 e6 7.Bxc4 Bb4 8.O-O O-O
9.Qe2 Nbd7 10.Rd1 Qa5 11.Nh4 Nb6 12.Nxf5 exf5 13.Bb3 Rae8 14.Qd3 Ne4 15.Na2 Be1
16.f3 Nf2 17.Bd2 Nxd3 18.Bxa5 Rxe3 19.Bxb6 axb6 20.Bc2 Nb4 21.Bxf5 Rfe8 22.Nxb4 Bxb4
23.Bd3  1/2-1/2

[Event "FSIMA September"]
[Site "Budapest HUN"]
[Date "2000.09.12"]
[Round "11"]
[White "Yu Mingyuan"]
[Black "Orso,M"]
[Result "0-1"]
[WhiteElo "2319"]
[BlackElo "2346"]

1.d4 d5 2.c4 c6 3.Nc3 Nf6 4.Nf3 dxc4 5.a4 Bf5 6.e3 e6 7.Bxc4 Bb4 8.O-O Nbd7
9.Qe2 Bg6 10.e4 Bxc3 11.bxc3 Nxe4 12.Ba3 Qc7 13.Rfe1 O-O-O 14.Qb2 Rhe8 15.a5 e5
16.Rab1 exd4 17.cxd4 Ndf6 18.a6 b6 19.Rbc1 Kb8 20.Bb5 Re6 21.Ne5 c5 22.f3 Rxd4
23.Qxd4 Rxe5 24.Qb2 Rh5 25.g4 Rh3 26.fxe4 Nxg4 27.Re2 Ne5 28.Kh1 Bh5 29.Bxc5 Bxe2
30.Bxe2 Rxh2+ 31.Kxh2 Nd3+ 32.Kg2 Nxb2 33.Be3 Qe5 34.Kf3 g5 35.Kf2 h5 36.Rc2 h4
37.Bc1 Na4 38.Ba3 Qg3+ 39.Kf1 Qh3+ 40.Ke1 Qxa3 41.Bg4 Qg3+  0-1

[Event "Nordic Net Club Cup"]
[Site "Internet ICC"]
[Date "2000.09.16"]
[Round "3"]
[White "Budraitis,A"]
[Black "Thorsteins,K"]
[Result "0-1"]
[WhiteElo "2274"]
[BlackElo "2485"]

1.d4 d5 2.c4 c6 3.Nf3 Nf6 4.Nc3 dxc4 5.a4 Bf5 6.e3 e6 7.Bxc4 Bb4 8.O-O O-O
9.Ne5 Nbd7 10.f4 c5 11.Bd3 cxd4 12.Bxf5 dxc3 13.Bd3 Nc5 14.Qc2 Rc8 15.Rd1 Qc7
16.Be2 Nce4 17.b3 Rfd8 18.Nd3 a5 19.Bf3 Nc5 20.Nf2 Rxd1+ 21.Nxd1 e5 22.Be2 Rd8
23.Nxc3 Nce4 24.Bb2 Rd2 25.Qxd2 Nxd2 26.Nb5 Qb6 27.fxe5 Qxe3+ 28.Kh1 Nfe4  0-1

[Event "TCh-FIN 00-01"]
[Site "FIN"]
[Date "2000.09.24"]
[Round "2"]
[White "Kanko,I"]
[Black "Issakainen,A"]
[Result "1-0"]
[WhiteElo "2240"]
[BlackElo "2216"]

1.d4 d5 2.c4 c6 3.Nf3 Nf6 4.Nc3 dxc4 5.a4 Bf5 6.e3 e6 7.Bxc4 Bb4 8.O-O Nbd7
9.Nh4 Bg6 10.Qb3 a5 11.f4 Qc7 12.Bd2 O-O 13.Nxg6 hxg6 14.Bd3 Rad8 15.Qc2 Qb6
16.Ne2 Bxd2 17.Qxd2 c5 18.Bb5 cxd4 19.Nxd4 e5 20.fxe5 Nxe5 21.h3 Rd6 22.Qe1 Nd5
23.Rd1 Rfd8 24.Rf2 Nf6 25.Rf4 Nc6 26.Bxc6 bxc6 27.Rc1 Nd5 28.Rf2 Re8 29.Kh1 Rxe3
30.Qd2 Re4 31.Nf3 Ree6 32.Qd4 Qxd4 33.Nxd4 Re4 34.Nxc6 Rxa4 35.Rd2 Kf8 36.Rc5 Ra1+
37.Kh2 Rb1 38.Rdxd5 Rxd5 39.Rxd5 f6 40.Rb5 a4 41.Rb7 Kg8 42.Na5 Rc1 43.Rb4 Ra1
44.Nc4 Kf7 45.Na3 Ra2 46.Kg3 Ke6 47.Kf3 Kd5 48.Ke3 Kc5 49.Rc4+ Kd5 50.Rc2 Ra1
51.Nb5 g5 52.Kd3 Rd1+ 53.Kc3 Kc5 54.Na3 f5 55.Rf2 g6 56.Nc2 Rd8 57.Rf3 Rb8
58.Nd4 Kd5 59.Rd3 Ke4 60.Rd1 Rc8+ 61.Kb4 g4 62.hxg4 fxg4 63.Kxa4 Ra8+ 64.Kb4 Rf8
65.Nb3 Rf2 66.Rd2 Ke3 67.Kc3 Rf8 68.Nc5 Rc8 69.b4 g3 70.Rb2 g5 71.Kc4 Rd8
72.Rb3+ Kf2 73.Ne4+  1-0

[Event "V ECC Women"]
[Site "Halle GER"]
[Date "2000.09.25"]
[Round "2"]
[White "Maric,A"]
[Black "Kovalevskaya,E"]
[Result "0-1"]
[WhiteElo "2443"]
[BlackElo "2475"]

1.d4 Nf6 2.Nf3 d5 3.c4 c6 4.Nc3 dxc4 5.a4 Bf5 6.e3 e6 7.Bxc4 Bb4 8.O-O Nbd7
9.Nh4 O-O 10.Nxf5 exf5 11.Qc2 g6 12.f3 Qe7 13.Kh1 c5 14.Rd1 Nb6 15.Ba2 Rad8
16.Qf2 Rfe8 17.Bd2 f4 18.Re1 Qd7 19.exf4 Rxe1+ 20.Bxe1 cxd4 21.Ne4 Nxe4 22.fxe4 Bxe1
23.Qxe1 d3 24.a5 d2 25.Qd1 Nc8 26.Bd5 Ne7 27.Qxd2 Nxd5 28.exd5 Qxd5 29.Qe1 Qd2
30.Qxd2 Rxd2 31.Rb1 Kg7 32.b4 Kf6 33.h3 h5 34.Rc1 Rd4 35.b5 Rd5 36.a6 Rxb5
37.Rc7 bxa6 38.Rxa7 a5 39.g4 hxg4 40.hxg4 Rb4 41.g5+ Ke6 42.f5+ Kxf5 43.Rxf7+ Kxg5
44.Ra7 a4 45.Ra6 Kf5 46.Kg2 g5 47.Ra5+ Kf4  0-1

[Event "V ECC Women"]
[Site "Halle GER"]
[Date "2000.09.27"]
[Round "4"]
[White "Prudnikova,S"]
[Black "Kononenko,T"]
[Result "0-1"]
[WhiteElo "2428"]
[BlackElo "2354"]

1.d4 d5 2.c4 c6 3.Nf3 Nf6 4.Nc3 dxc4 5.a4 Bf5 6.e3 e6 7.Bxc4 Nbd7 8.O-O Bb4
9.Qe2 O-O 10.e4 Bg6 11.Bd3 a5 12.Bg5 Qb6 13.h3 Rac8 14.Rac1 h6 15.Bd2 Rfd8
16.Bb1 Nf8 17.Rfd1 c5 18.e5 Nd5 19.Nxd5 Rxd5 20.Bxb4 Qxb4 21.Ba2 Rdd8 22.Rc4 Qb6
23.Rdc1 Nd7 24.R4c3 Qc6 25.dxc5 Qxa4 26.Ra3 Qe4 27.Re3 Qc6 28.Nh4 Bh7 29.Qg4 Kh8
30.Qh5 Rf8 31.Rf3 Bg6 32.Nxg6+ fxg6 33.Rxf8+ Nxf8 34.Qg4 b6 35.Rd1 Qxc5 36.Bxe6 h5
37.Qg3 Nxe6 38.Rd6 Nf8 39.e6 Re8 40.h4 Rxe6 41.Rxe6 Nxe6 42.Qxg6 Qd5  0-1

[Event "XVI ECC"]
[Site "Neum BIH"]
[Date "2000.09.27"]
[Round "4"]
[White "Sokolov,I"]
[Black "Sakaev,K"]
[Result "1/2-1/2"]
[WhiteElo "2611"]
[BlackElo "2627"]

1.d4 d5 2.c4 c6 3.Nc3 Nf6 4.Nf3 dxc4 5.a4 Bf5 6.e3 e6 7.Bxc4 Bb4 8.O-O O-O
9.Nh4 Nbd7 10.Nxf5 exf5 11.Qc2 g6 12.f3 Rc8 13.Kh1 c5 14.Na2 Ba5 15.dxc5 Rxc5
16.b4 Bxb4 17.Nxb4 Qc7 18.Bxf7+ Rxf7 19.Qa2 Ne5 20.Bb2 a5 21.f4 axb4 22.fxe5 Ng4
23.Rfc1 Nxe5 24.Rxc5 Qxc5 25.Rc1 Qd6 26.Rc8+ Kg7 27.Bd4 Kh6 28.Qf2 g5 29.Qg3 f4
30.Qh3+ Kg7 31.Qh5 Rf5 32.g4 fxg3 33.Rc5 h6 34.Qe8 Kh7 35.Rxe5 Rxe5 36.Qf7+ Kh8
37.hxg3 g4 38.Qf5 Qc6+ 39.Kg1 Kg8 40.Bxe5 Qc1+ 41.Kg2 Qd2+  1/2-1/2

[Event "V ECC Women"]
[Site "Halle GER"]
[Date "2000.09.29"]
[Round "6"]
[White "Maric,A"]
[Black "Sedina,E"]
[Result "1/2-1/2"]
[WhiteElo "2443"]
[BlackElo "2405"]

1.Nf3 d5 2.d4 Nf6 3.c4 c6 4.Nc3 dxc4 5.a4 Bf5 6.e3 e6 7.Bxc4 Bb4 8.O-O Nbd7
9.Nh4 O-O 10.h3 Bg6 11.Nxg6 hxg6 12.Qc2 Qe7 13.Rd1 Rfd8 14.b3 Nb6 15.Bb2 c5
16.Na2 cxd4 17.Rxd4 Rxd4 18.Bxd4 Bc5 19.Bxc5 Qxc5 20.Bd3 Qa3 21.Rb1 Rd8 22.Be2 Ne4
23.Nc3 Nxc3 24.Qxc3 Qa2 25.Qb2 Rd2 26.Qxa2 Rxa2 27.Bf3 Nd5 28.Bxd5 exd5 29.Rd1  1/2-1/2

[Event "ch-HUN KO"]
[Site "Budapest HUN"]
[Date "2000.10.02"]
[Round "4.1"]
[White "Peter,A"]
[Black "Orso,M"]
[Result "0-1"]
[WhiteElo "2441"]
[BlackElo "2346"]

1.d4 d5 2.c4 c6 3.Nf3 Nf6 4.Nc3 dxc4 5.a4 Bf5 6.Ne5 e6 7.f3 Bb4 8.e4 Bxe4
9.fxe4 Nxe4 10.Bd2 Qxd4 11.Nxe4 Qxe4+ 12.Qe2 Bxd2+ 13.Kxd2 Qd5+ 14.Kc2 O-O
15.Nxc4 Na6 16.Qe5 Nb4+ 17.Kb3 a5 18.Be2 Qxe5 19.Nxe5 Rfd8 20.Rhd1 Nd5 21.Rac1 f6
22.Nc4 Kf7 23.Rd3 e5 24.Rcd1 Ke6 25.g4 g6 26.Bf1 Rd7 27.Bg2 f5 28.gxf5+ gxf5
29.Rh3 Rg8 30.Rh6+ Rg6 31.Rxg6+ hxg6 32.Nxa5 Rh7 33.Bf1 e4 34.h3 Ne3 35.Bc4+ Ke5
36.Rh1 g5 37.Bg8 Rh8 38.Bf7 g4 39.Nxb7 Rb8  0-1

[Event "Cup Rectora"]
[Site "Kharkov UKR"]
[Date "2000.10.02"]
[Round "2"]
[White "Popov,Val"]
[Black "Itkis,B"]
[Result "1/2-1/2"]
[WhiteElo "2557"]
[BlackElo "2384"]

1.Nf3 d5 2.d4 Nf6 3.c4 c6 4.Nc3 dxc4 5.a4 Bf5 6.e3 e6 7.Bxc4 Bb4 8.O-O Nbd7
9.Qe2 Bg4 10.h3 Bxf3 11.Qxf3 O-O 12.Rd1 Rc8 13.e4 e5 14.Na2 Bd6 15.Be3 Qe7
16.d5  1/2-1/2

[Event "FSIMB October"]
[Site "Budapest HUN"]
[Date "2000.10.13"]
[Round "7"]
[White "Vigorito,D"]
[Black "Orso,M"]
[Result "0-1"]
[WhiteElo "2314"]
[BlackElo "2346"]

1.Nf3 d5 2.d4 Nf6 3.c4 c6 4.Nc3 dxc4 5.a4 Bf5 6.e3 e6 7.a5 Bb4 8.Qa4 Qe7
9.Bxc4 O-O 10.O-O Nbd7 11.Bd2 Bd6 12.Be2 a6 13.Qb3 Rab8 14.Rfd1 e5 15.dxe5 Nxe5
16.Be1 Nxf3+ 17.Bxf3 Qe5 18.g3 Rfe8 19.Ra4 Bc7 20.e4 Be6 21.Qb4 h5 22.Be2 b5
23.axb6 Rxb6 24.Qa3 Bb3 25.Ra5 Qe6 26.Rd4 c5 27.Qxc5 Rc6 28.Qa3 Bxa5 29.Qxa5 Bc4
30.Bxh5 Qh3 31.Bf3 Qf1+  0-1

[Event "TCh-FIN 00-01"]
[Site "FIN"]
[Date "2000.10.21"]
[Round "3"]
[White "Lampen,T"]
[Black "Maki Uuro,Mi"]
[Result "1/2-1/2"]
[WhiteElo "2322"]
[BlackElo "2334"]

1.d4 d5 2.c4 c6 3.Nf3 Nf6 4.Nc3 dxc4 5.a4 Bf5 6.Ne5 Nbd7 7.Nxc4 Qc7 8.f3 e5
9.e4 exd4 10.Qxd4 Bc5 11.Qd3 Be6 12.g3 Ne5 13.Nxe5 Qxe5 14.Bf4 Qd4 15.Qxd4 Bxd4
16.O-O-O O-O-O 17.Kc2 h6 18.Bc1 a6 19.Bg2 a5 20.b3 Bc5 21.Bb2 Rxd1 22.Rxd1 Rd8
23.Rxd8+ Kxd8 24.Ne2 Bf2 25.Nd4 Bc8 26.Bc3 Ke8 27.Kd3 Nd7 28.Ke2 Bxd4 29.Bxd4 f6
30.Bh3 c5 31.Bc3 b6 32.Ke3 Ke7 33.Bf1 Ne5 34.Be2 Be6 35.Bd1 Nc6 36.f4 c4
37.bxc4 Bxc4 38.e5 fxe5 39.fxe5 Ke6 40.Bg4+ Ke7 41.Bd1 Ke6 42.Bg4+ Ke7 43.Bd1  1/2-1/2

[Event "It"]
[Site "Alushta UKR"]
[Date "2000.10.22"]
[Round "8"]
[White "Ovsejevitsch,S"]
[Black "Itkis,B"]
[Result "1/2-1/2"]
[WhiteElo "2526"]
[BlackElo "2384"]

1.Nf3 Nf6 2.c4 c6 3.d4 d5 4.Nc3 dxc4 5.a4 Bf5 6.e3 e6 7.Bxc4 Bb4 8.O-O O-O
9.Qe2 Bg4 10.h3 Bxf3 11.Qxf3 Nbd7 12.Rd1 Rc8 13.e4 e5 14.dxe5 Nxe5 15.Qf5 Qe7
16.Bb3 Ng6 17.Bc2 h6 18.Be3 Nh4 19.Qf4 Ng6 20.Qf3 a5 21.Bd4 Rcd8 22.Ne2 Bd6
23.Bc3 Rfe8 24.Bxf6 Qxf6 25.Qxf6 gxf6 26.Nd4 Nh4 27.Nb3 Bb4 28.Rxd8 Rxd8
29.Rd1 Rxd1+ 30.Bxd1 Ng6 31.Nd4 Nf4 32.Nf5 Kh7 33.Kf1 Bc5 34.Be2 Ne6 35.Bc4 Nd4
36.Bxf7 Nxf5 37.exf5 b5 38.b3 bxa4 39.bxa4 Bb4 40.Ke2 Kg7 41.Be8 c5 42.Kd3 Be1
43.f3 Bb4  1/2-1/2

[Event "34th Olympiad"]
[Site "Istanbul TUR"]
[Date "2000.10.28"]
[Round "1"]
[White "Hansen,LB"]
[Black "Santa,L"]
[Result "1-0"]
[WhiteElo "2562"]
[BlackElo "2201"]

1.d4 Nf6 2.Nf3 d5 3.c4 c6 4.Nc3 dxc4 5.a4 Bf5 6.e3 e6 7.Bxc4 Bb4 8.O-O Nfd7
9.Ne2 Nf6 10.Ne5 Nd5 11.f3 Bd3 12.Nxd3 Ba5 13.e4 Nd7 14.Bf4 Bc7 15.Qc1 O-O
16.b4 Rc8 17.Ra2 Qe7 18.Rc2 a6 19.Nc5 Nxc5 20.bxc5 Bxf4 21.Qxf4 Rc7 22.Rb1 f6
23.Qe3 Rf7 24.Qb3 Rd7  1-0

[Event "34th Olympiad"]
[Site "Istanbul TUR"]
[Date "2000.10.31"]
[Round "4"]
[White "Ong Chong Ghee"]
[Black "Kupreichik,V"]
[Result "0-1"]
[WhiteElo "2342"]
[BlackElo "2472"]

1.d4 d5 2.c4 c6 3.Nf3 Nf6 4.Nc3 dxc4 5.a4 Bf5 6.e3 e6 7.Bxc4 Bb4 8.O-O O-O
9.Qe2 Nbd7 10.e4 Bg6 11.Bd3 Bh5 12.Bf4 Re8 13.h3 e5 14.dxe5 Bxf3 15.Qxf3 Nxe5
16.Bxe5 Rxe5 17.Ne2 g6 18.Bc2 Qe7 19.Ng3 h5 20.Qb3 h4 21.f4 Qc5+ 22.Kh1 Re7
23.e5 hxg3 24.Bxg6 Nd5 25.Be4 Kf8 26.Qxg3 Rd8 27.Qh4 Ke8 28.Bf5 Rc7 29.e6 fxe6
30.Bxe6 Qd4 31.Rad1 Qf6 32.Qh5+ Ke7 33.Bxd5 Rxd5 34.Rxd5 cxd5 35.Qxd5 Bd6
36.Qg8 Qe6 37.Qg3 Rc4 38.Qg7+ Kd8 39.Qxb7 Qe2 40.Qa8+ Rc8 41.Qf3 Qxf3 42.Rxf3 Rc1+
43.Kh2 Rc4 44.Kg3 Rxa4 45.Kg4 Ra2 46.Rb3 a5 47.Kf5 a4 48.Rd3 Kc7 49.Rd4 Bc5
50.Re4 Kc6 51.g4 Kb5 52.g5 Rxb2 53.g6 a3 54.h4 a2 55.g7 Rg2 56.Re2 Rxe2 57.g8=Q a1=Q
58.Qb3+ Ka5 59.Qc4 Qb1+ 60.Kf6 Rb2  0-1